| 000 | 01092cam a22002054a 4500 | ||
|---|---|---|---|
| 005 | 20250605164102.0 | ||
| 008 | 250528s ||||||||||||||||||||||||d | ||
| 035 | _a17599 | ||
| 020 | _a9781844456154 | ||
| 040 |
_aGR-AtMCL _bgre _dGR-AtMCL _eAACR2 |
||
| 245 | 1 | _aEarly Years Work-Based Learning / A Guide for Students of Early Years and Early Childhood Studies | |
| 250 | _a1st | ||
| 260 |
_bLearning Matters, _c2010 |
||
| 300 | _a128 | ||
| 520 | _aThis text helps students to understand better the context of their work setting and to study more effectively. Editor and Contributors, Introduction: Work-Based Learning for Early Years and Early Years Childhood Studies, The Early Years Sector in the UK: The Current Context, Early Years Study, Becoming an Early Years Professional, Supporting Children's Learning and Development in Practice: Developing Your Specialist Knowledge, Current Debates in Early Years Education and Provision, The Future: Early Years Professional Status, Index. | ||
| 700 | 1 |
_aFarrelly Penny _93771 |
|
| 942 | _cBK | ||
| 999 |
_c3002 _d3002 |
||